| 000 | 00623nam a22001691c 4500 | ||
|---|---|---|---|
| 001 | a987686414 | ||
| 008 | 060215s1967 gw |||| 000u ger d | ||
| 041 | _ager | ||
| 100 | 1 | _aJacob, Wolfgang | |
| 245 | 0 | 0 |
_aMedizinische Anthropologie im 19. Jahrhundert : _bMensch, Natur, Gesellschaft ; Beitrag zu einer theoretischen Pathologie, zur Geistesgeschichte der sozialen Medizin und allgemeinen Krankheitslehre Virchows / _cvon Wolfgang Jacob |
| 264 |
_aStuttgart : _bEnke, _c1967 |
||
| 300 | _aXVI, 299 S. | ||
| 942 | _cMG | ||
| 040 | _cRU-10907106 | ||
| 003 | RU-10907106 | ||
| 999 |
_c2088 _d2088 |
||
| 490 | 0 |
_aBeiträge aus der allgemeinen Medizin _v20 |
|